000
00305nam a22001337a 4500
008
171006b xxu||||| |||| 00| 0 eng d
020
_a
9780471411635
041
_a
eng
080
_2
4TH
_a
159.9
100
_a
49
101
_a
PSI
245
_a
PSYCHOPATHOLOGY AND DIAGNOSIS
_c
HERSEN,,M
942
_2
udc
_c
BK
999
_c
32430
_d
32430